| 000 | 00423nam a2200157Ia 4500 | ||
|---|---|---|---|
| 008 | 151021s9999 xx 000 0 und d | ||
| 020 | _a201052288 | ||
| 050 | _aGV 711.N4 1978 | ||
| 245 | _a_Coaching methods for women | ||
| 260 | _aLondon Addison 1978 | ||
| 300 | _axiii,281p. | ||
| 500 | _aIncludes bibliography | ||
| 500 | _aIncludes bibliography | ||
| 650 | _a_coaching | ||
| 980 | _a^d20130611 03:26:13^oanne | ||
| 999 |
_c14144 _d14144 |
||